书目信息 |
| 题名: |
共和先锋卢性正
|
|
| 作者: | 李康学 著 | |
| 分册: | ||
| 出版信息: | 北京 中国文史出版社 2014 |
|
| 页数: | 234页 | |
| 开本: | 24cm | |
| 丛书名: | ||
| 单 册: | ||
| 中图分类: | I247.53 , K827=6 | |
| 科图分类: | ||
| 主题词: | 传记小说--中国--当代 , 革命烈士--传记--中国--民国 | |
| 电子资源: | ||
| ISBN: | 978-7-5034-4392-3 | |
| 000 | 00845nam0 2200265 450 | |
| 001 | 337778 | |
| 005 | 20150529110428.32 | |
| 010 | @a978-7-5034-4392-3@dCNY38.00 | |
| 100 | @a20140114d2014 em y0chiy50 ea | |
| 101 | 0 | @achi |
| 102 | @aCN@b110000 | |
| 105 | @ay z 000ad | |
| 106 | @ar | |
| 200 | 1 | @a共和先锋卢性正@Agong he xian feng lu xing zheng@f李康学著 |
| 210 | @a北京@c中国文史出版社@d2014 | |
| 215 | @a234页@d24cm | |
| 330 | @a本书在民间调查及权威史志记载等资料的基础上, 艺术地加工描述了辛亥革命志士卢性正为推翻满清帝制、追求民主共和而战斗一生的传奇经历。 | |
| 606 | 0 | @a传记小说@y中国@z当代 |
| 606 | 0 | @a革命烈士@x传记@y中国@z民国 |
| 610 | 0 | @a卢性正(1872-1912) |
| 690 | @aI247.53@v5 | |
| 690 | @aK827=6@v5 | |
| 701 | 0 | @a李康学@Ali kang xue@f(1954)@4著 |
| 801 | 0 | @aCN@b卓展宏图@c20150525 |
| 905 | @dI247.53@e2697@f5 | |
| 共和先锋卢性正/李康学著.-北京:中国文史出版社,2014 |
| 234页;24cm |
| ISBN 978-7-5034-4392-3:CNY38.00 |
| 本书在民间调查及权威史志记载等资料的基础上, 艺术地加工描述了辛亥革命志士卢性正为推翻满清帝制、追求民主共和而战斗一生的传奇经历。 |
| ● |
| 相关链接 |
|
|
|
|
正题名:共和先锋卢性正
索取号:I247.53/2697
 
预约/预借
| 序号 | 登录号 | 条形码 | 馆藏地/架位号 | 状态 | 备注 |
| 1 | 856082 | 208560822 | 第一样本阅览室/ [索取号:I247.53/2697] | 在馆 | |
| 2 | 856083 | 208560831 | 第二借阅区/ [索取号:I247.53/2697] | 在馆 | |
| 3 | 856084 | 208560840 | 教育系资料室/ [索取号:I247.53/2697] | 在馆 | |
| 4 | 856085 | 208560859 | 第二借阅区/ [索取号:I247.53/2697] | 在馆 | |
| 5 | 856086 | 208560868 | 教育系资料室/ [索取号:I247.53/2697] | 在馆 |